000 00405nam a2200157Ia 4500
005 20250508153544.0
008 008 250505s9999 xx 000 0 eng d
020 _a0-7069-0333-1
037 _aPeriodicals
040 _aFEDL
_beng
_cFEDL
041 _aeng
_2eng
084 _qFEDL
245 0 _aBulletin of the international bureau of education. Geneva
942 _cCR
999 _c1343799
_d1343799